[Event "Internet Section 06A g/8'+2\""]
[Site "Dos Hermanas"]
[Date "2004.03.06"]
[Round "1"]
[White "Podobnik, Marijan"]
[Black "Eric, NN."]
[Result "1-0"]
[WhiteElo "2244"]
[BlackElo "1485"]
[PlyCount "49"]
[EventDate "2004.03.06"]
[EventType "swiss (blitz)"]
[EventRounds "9"]
[EventCountry "ESP"]
[SourceTitle "CBM 099 Extra"]
[Source "ChessBase"]
[SourceDate "2004.05.04"]
[SourceVersion "1"]
[SourceVersionDate "2004.05.04"]
[SourceQuality "1"]

1. e4 e5 2. Nf3 Nc6 3. Bb5 Nf6 4. 0-0 d6 5. d4 Bd7 6. Nc3 Be7 7. Re1 0-0 8. Bxc6 Bxc6 9. dxe5 dxe5 10. Qxd8 Raxd8 11. Nxe5 Bb5 12. Nxb5 Bc5 13. Nd3 Bb6 14. Bg5 a6 15. Bxf6 gxf6 16. Nc3 Bd4 17. Nd5 f5 18. Ne7+ Kh8 19. Nxf5 Bb6 20. Rad1 Rfe8 21. Kf1 Re6 22. f3 Rc6 23. c3 Rg6 24. Ne5 Rf6 25. Rxd8# 1-0